MARC

LEADER 00000nam0a2200000 4500
001 353484
005 20231102010610.0
035 |a (RuTPU)RU\TPU\retro\10741 
035 |a RU\TPU\retro\10736 
090 |a 353484 
100 |a 20200507d1971 k y0rusy50 ca 
101 0 |a rus 
102 |a RU 
105 |a a z 001zy 
200 1 |a Тектоника мезозойско-кайнозойского осадочного чехла Западно-Сибирской плиты  |e [сборник статей]  |f Сибирский научно-исследовательский институт геологии, геофизики и минерального сырья (СНИИГГиМС) ; под ред. В. И. Краснов ; под ред. Ф. Г. Гурари 
210 |a Новосибирск  |c Изд-во СНИИГГиМС  |d 1971 
215 |a 148 с.  |c ил.  |e карты 
225 1 |a Труды Сибирского научно-исследовательского института геологии, геофизики и минерального сырья (СНИИГГиМС)  |v Вып. 100 
225 1 |a Региональная геология 
320 |a Библиогр.: с. 143-147 
606 1 |a Тектоника  |y Сибирь  |2 stltpush  |3 (RuTPU)RU\TPU\subj\72085  |9 85672 
610 1 |a тектонические карты 
610 1 |a морфология 
610 1 |a дизъюнктивные нарушения 
610 1 |a трещиноватость 
610 1 |a нефтегазоносность 
675 |a 551.24(571.1/.5)  |v 4 
702 1 |a Гурари  |b Ф. Г.  |c российский геолог  |c профессор  |f 1917-  |g Фабиан Григорьевич  |2 stltpush  |3 (RuTPU)RU\TPU\pers\20264  |4 340  |9 8056 
712 0 2 |a Сибирский научно-исследовательский институт геологии, геофизики и минерального сырья (СНИИГГиМС)  |c (Новосибирск)  |2 stltpush  |3 (RuTPU)RU\TPU\col\322 
801 1 |a RU  |b 63413507  |c 20081209  |g PSBO 
801 2 |a RU  |b 63413507  |c 20200507  |g PSBO 
942 |c BK